| 000 | 00583nam a2200205Ia 4500 | ||
|---|---|---|---|
| 003 | GCL | ||
| 008 | 140319s9999 xx 000 0 eng d | ||
| 040 |
_aGCL / _cGCL |
||
| 082 | 0 | 4 |
_a617.481044 _bM M |
| 100 | 1 | _aMANDEL, STEVEN | |
| 245 | 1 | 0 |
_aMINOR HEAD TRAUMA: ASSESSMENT, MANAGEMENT AND REHABILITAION / _cMANDEL, STEVEN |
| 700 | 1 | _aSATALAFF, ROBERT THAYER | |
| 700 | 1 | _aSCHAPIRO, SARITA | |
| 260 |
_a[S.N] : _bSPRINGER - VERLAG ، _c1993 |
||
| 300 | _a347 P | ||
| 650 | 0 | 4 | _aPATIENTS |
| 650 | 0 | 4 | _aREHABILITATION |
| 650 | 0 | 4 | _aBRAIN DAMAGE - COMPLICATION |
| 942 |
_2ddc _cBK |
||
| 999 |
_c22045 _d22045 |
||